Statistics for Fruits A to Z

Click here to take the quiz!

General Stats

  • This quiz has been taken 1,432 times
  • The average score is 11 of 24

Answer Stats

HintLetterAnswer% Correct
Keeps the doctor awayAApple
100%
Its name describes the fruitOOrange
81%
The key to a delicious pieLLime
79%
ClusterfruitGGrape
72%
"Yellow fatty beans"BBanana
70%
Bald peachNNectarine
67%
Bottom-heavy personPPear
66%
Orange melonCCanteloupe
65%
A smaller, sweeter citrusTTangerine
58%
You can get a square one in JapanWWatermelon
57%
Goes in a pie with rhubarbSStrawberry
56%
A rude gesture made with the lips and tongueRRaspberry
48%
You can get it wrapped in cakeFFig
45%
Large and thorn-covered, with a strong odorDDurian
39%
"The little gem of the citrus family"KKumquat
35%
"These are juice oranges!"VValencia
26%
Turkey is the top producer*QQuince
26%
Popular in tropical regionsJJackfruit
25%
Also a substance secreted by aphidsHHoneydew
19%
Jamaican fruit with rough, wrinkled skinUUgli
17%
Monkey, weasel bushMMulberry
9%
Arsenic and Old LaceEElderberry
8%
Sour fruit from a subcontinentIIndian gooseberry
1%
Also known as a "sea lemon"YYellow plum
1%

Score Distribution

Percentile by Number Answered

Percent of People with Each Score

Your Score History

You have not taken this quiz